Návrh riešenia monitoringu sietí a služieb

Gespeichert in:
Bibliographische Detailangaben
1. Verfasser: Šuba, Ján (Verfasst von)
Weitere Verfasser: Klučik, Stanislav (Betreuung Doktorarbeit)
Format: Manuskript Buch
Sprache:Slowakisch
Veröffentlicht: 2018
Schlagworte:
Online-Zugang:http://is.stuba.sk/zp/portal_zp.pl?podrobnosti=136902
Tags: Tag hinzufügen
Keine Tags, Fügen Sie das erste Tag hinzu!

MARC

LEADER 00000ntm a22000003a 4500
001 stuzp67023
003 SK-STU
005 20181029094632.2
007 ta
008 150427s2015----xo-----f-mn---000-0-slo-d
040 |a STU  |b slo 
041 0 |a slo 
044 |a xo 
100 1 |a Šuba, Ján  |u 037000  |4 aut  |U FEI Fakulta elektrotechniky a informatiky  |T FEI Ústav multimediálnych informačných a komunikačných technológií  |X 8689  |U E070  |Y 818  |7 8689 
242 0 1 |a A Solution for Network and Service Monitoring  |y eng 
245 1 0 |a Návrh riešenia monitoringu sietí a služieb 
260 |c 2018 
300 |a 63 s. 
650 4 |a SNMP  |2 eng 
650 4 |a Zabbix  |2 eng 
650 4 |a monitoring  |2 eng 
650 4 |a FCAPS  |2 eng 
650 4 |a SNMP  |2 slo 
650 4 |a Zabbix  |2 slo 
650 4 |a monitoring  |2 slo 
650 4 |a FCAPS  |2 slo 
700 1 |a Klučik, Stanislav  |u 037000  |k Z2  |4 ths  |U FEI Fakulta elektrotechniky a informatiky  |T FEI Ústav multimediálnych informačných a komunikačných technológií  |X 12559  |U E070  |Y 818  |7 A000012559 
856 4 |u http://is.stuba.sk/zp/portal_zp.pl?podrobnosti=136902 
996 |b 284EP11893  |c E*DIPL- 11893  |l EE37  |s P  |a 0  |w stuzp67023_0001